Načítá se...

Biophysical chemistry

Podrobná bibliografie
Hlavní autor: KLOSTERMEIER RUDOLPH
Médium: Printed Book
Vydáno: US CRC PUBLICATIONS 2017
LEADER 00423nam a22001337a 4500
999 |c 27441  |d 27441 
020 |a 9781482252231 
082 |a 572.43  |b KLO/BI 
100 |a KLOSTERMEIER  |a RUDOLPH 
245 |a Biophysical chemistry 
260 |a US  |b CRC PUBLICATIONS  |c 2017 
300 |a 770 
942 |c BK 
952 |0 0  |1 0  |4 0  |6 572_430000000000000_KLO_BI  |7 0  |8 NFIC  |9 38378  |a KUFOS  |b KUFOS  |c GEN  |d 2019-04-30  |o 572.43 KLO/BI  |p 19913  |r 2019-04-30  |w 2019-04-30  |y BK